| 000 | 01195nac a22003611u 4500 | ||
|---|---|---|---|
| 003 | EG-ScBUE | ||
| 005 | 20220609115506.0 | ||
| 006 | m||||fq||h 00| 0 | ||
| 008 | 080806t2003 enka f 000 0 eng d | ||
| 020 | _a0194384535 | ||
| 020 | _a9780194384537 | ||
| 040 |
_aEG-ScBUE _beng _erda _cEG-ScBUE _dEG-ScBUE |
||
| 082 | 0 | 4 |
_a428.34 _bBAS _222 |
| 245 | 0 | 0 |
_aBasic tactics for listening, _pTeacher's book / _cSue Brioux Aldcorn, [and three others] |
| 246 | 3 | 0 | _aTeacher's book |
| 250 | _aSecond edition. | ||
| 264 | 1 |
_aNew York, NY ; _aOxford : _bOxford University Press, _c[2003] |
|
| 264 | 4 | _cc2003 | |
| 300 |
_a165 pages : _billustrations ; _c28 cm + _e1 CD |
||
| 336 |
_2rdacontent _atext _btxt |
||
| 336 |
_2rdacontent _asounds _bsnd |
||
| 337 |
_2rdamedia _aunmediated _bn |
||
| 337 |
_2rdamedia _aaudio _bs |
||
| 338 |
_2rdacarrier _avolume _bnc |
||
| 338 |
_2rdacarrier _acomputer disc _bcd |
||
| 650 | 7 |
_aEnglish language _vTextbooks for foreign speakers. _2BUEsh _926309 |
|
| 650 | 7 |
_aListening _xProblems, exercises, etc. _926310 _2BUEsh |
|
| 651 | _2BUEsh | ||
| 653 | _bHHUUEENN | ||
| 655 |
_vReading book _934232 |
||
| 700 | 1 |
_aAldcorn, Sue Brioux, _eauthor. |
|
| 942 |
_cTR _2ddc |
||
| 999 |
_c15695 _d15695 |
||